| 000 | 00563nam a22001817a 4500 | ||
|---|---|---|---|
| 003 | OSt | ||
| 005 | 20260428013324.0 | ||
| 008 | 260428b |||||||| |||| 00| 0 eng d | ||
| 020 | _a971-08-6275-8. | ||
| 040 |
_aDWCL Main Lib. _cOC |
||
| 082 | _a332.4973 Al66i 2002 | ||
| 100 | _aMutya. Ruby F. Alminar | ||
| 245 |
_aIntroduction to philippine money, credit, and banking _cRuby F. Alminar-Mutya |
||
| 260 |
_aMandaluyong: _bNational Book Store, _cc2002 |
||
| 300 |
_av, 240 p. ; _c23 cm. |
||
| 650 | _aBanks and Banking. | ||
| 942 |
_2ddc _cBK-FIL _hFil. _n0 |
||
| 999 |
_c9981 _d9981 |
||